• 首页
  • 本馆介绍
  • 公告通知
  • 最新文献
  • 馆藏检索
  • 电子资源
  • 读者导购
  • 参考咨询
  • 我的图书馆
  • 登录
  • 详细信息显示
  • 放入我的书架
  • 预约/预借图书
  • 作者相关作品
  • 分类相关作品
  • 丛书相关作品
  • 出版社相关作品

书目信息

  • 表格格式
  • 工作单格式
  • 卡片格式
题名:
教育科学研究入门
    
 
作者: 顾天祯 , 高德建 著
分册:  
出版信息: 北京   人民教育出版社  1989
页数: 290页
开本: 20cm
丛书名:
单 册:
中图分类: G428
科图分类:
主题词: 教学理论
电子资源:
ISBN: 7-107-10253-2
000 00577nam0 2200205 45
001 0404250822
005 20040425084653.1
010    @a7-107-10253-2@dCNY3.70
100    @a20040425d1989 km y0chiy0120 ea
101 0  @achi
105    @a z 000yy
200 1  @a教育科学研究入门@AJiao Yu Ke Xue Yan Jiu Ru Men@f顾天祯,高德建著@FGu Tian Zhen,Gao De Jian Zhu
210    @a北京@c人民教育出版社@d1989
215    @a290页@d20cm
606 0  @a教学理论
690    @aG428@v3
701  0 @a顾天祯@4著
701  0 @a高德建@4著
801    @aCN@bTSTCL@c20040425
905    @f1@b226300@dG428@e50
    
    教育科学研究入门/顾天祯,高德建著.-北京:人民教育出版社,1989
    290页;20cm
    
    
    ISBN 7-107-10253-2:CNY3.70
    
●
相关链接 在E读中查询图书 在五车中查询图书 在当当中查询图书 在豆瓣中查询图书


正题名:教育科学研究入门     索取号:G428/50         预约/预借

序号 登录号 条形码 馆藏地/架位号 状态 备注
1 0226300   000984518   第四借阅区/ [索取号:G428/50] 在馆    
2 0226301   002057874   第一样本阅览室/ [索取号:G428/50] 在馆    
唐山师范学院图书馆 欢迎您!
大连网信软件有限公司© 版权所有